| 000 | 003330000a22001090004500 | ||
|---|---|---|---|
| 100 | 1 | _aJiménez V., Carlos Alberto (Vélez) (1953-) | |
| 245 | 1 | 0 | _aCerebro creativo y lúdico |
| 300 | _anúm.37 ( Feb. - Mar., 2009), P. 46 - 51 | ||
| 650 | 1 | 4 | _aINTELIGENCIA |
| 773 | 0 | _tRevista internacional magisterio : educación y ped | |
| 942 | _cANA | ||
| 999 |
_c62948 _d62948 |
||